|
|
|
|
| LEADER |
00000nam0a2200000 4500 |
| 001 |
263800 |
| 005 |
20231101233755.0 |
| 035 |
|
|
|a (RuTPU)RU\TPU\book\286789
|
| 035 |
|
|
|a RU\TPU\book\286788
|
| 090 |
|
|
|a 263800
|
| 100 |
|
|
|a 20140611d1988 km y0rusy50 ca
|
| 101 |
0 |
|
|a rus
|
| 102 |
|
|
|a RU
|
| 105 |
|
|
|a a z 000zy
|
| 200 |
1 |
|
|a Социально-экономические вопросы освоения регионов Сибири
|f Томский государственный университет (ТГУ) ; под ред. В. И. Арзамаскина
|
| 210 |
|
|
|a Томск
|c Изд-во Томского ун-та
|d 1988
|
| 215 |
|
|
|a 144 с.
|
| 606 |
1 |
|
|a Сибирь
|x Экономика
|2 stltpush
|3 (RuTPU)RU\TPU\subj\36913
|9 58115
|
| 610 |
1 |
|
|a региональная экономика
|
| 610 |
1 |
|
|a социальное развитие
|
| 610 |
1 |
|
|a экономическое развитие
|
| 610 |
1 |
|
|a планирование
|
| 610 |
1 |
|
|a освоение
|
| 686 |
|
|
|a У9(2Р5)
|v LBC/SL-A
|2 rubbk
|
| 702 |
|
1 |
|a Арзамаскин
|b В. И.
|4 340
|
| 712 |
0 |
2 |
|a Томский государственный университет (ТГУ)
|2 stltpush
|3 (RuTPU)RU\TPU\col\397
|
| 801 |
|
1 |
|a RU
|b 63413507
|c 20140611
|
| 801 |
|
2 |
|a RU
|b 63413507
|c 20151126
|g RCR
|
| 942 |
|
|
|c BK
|